| 000 | 00868nam a22003017a 4500 | ||
|---|---|---|---|
| 003 | CHAP | ||
| 005 | 20220817041958.0 | ||
| 008 | 971013s1961 r 00010 d | ||
| 010 | _a30706 | ||
| 011 | _a31678 | ||
| 035 | _a35790 | ||
| 040 | _cCHAP | ||
| 082 |
_a630.82 _bY68 v.10 |
||
| 110 |
_aNational Federation of Young Farmers' Clubs _980345 |
||
| 245 | _aCows and milk | ||
| 250 | _a11 ed. | ||
| 260 |
_aLondon : _bEvans, _c1961 |
||
| 300 |
_a47 p. _b: ilus. |
||
| 490 |
_aYoung farmers' club booklet _v; 10 |
||
| 590 |
_aBATCH-UPD _b10 _c20130110 _lUCH01 _h1601 |
||
| 590 |
_aCONVERSION _b10 _c20130109 _lUCH01 _h1317 |
||
| 650 | 1 | 4 |
_aGanado lechero. _945237 |
| 650 | 1 | 4 |
_aIndustria lechera. _957819 |
| 830 |
_aYoung farmers' club booklet _v; 10 |
||
| 901 | _aBK | ||
| 942 | _cLIBRO | ||
| 949 |
_a630.82 Y68 v.10 _bBC _cLIBRO _d-82707 _eLIBRO _h20191 _i35790 _si |
||
| 999 |
_c30706 _d30706 |
||